| 000 | 00961nam a22002057a 4500 | ||
|---|---|---|---|
| 001 | 8970 | ||
| 003 | FISKH | ||
| 005 | 20251111154020.0 | ||
| 008 | 251111b cb ||||| |||| 00| 0 eng d | ||
| 040 |
_aFISKH _beng _cFISKH _dFISKH |
||
| 082 | _a612 | ||
| 100 | _aHibbert, Clare | ||
| 245 |
_aDiscovery pack : _bHuman body / _cClare Hibbert |
||
| 260 |
_aLondon : _bArcturus, _c2019. |
||
| 300 |
_a64 pages : _bcolor illustrations ; _c28 cm |
||
| 520 | _aDiscovery Pack: Human Body is an interactive educational set designed to help children explore how their bodies work. It includes colorful illustrations, fact cards, and activities that explain the functions of the heart, brain, lungs, muscles, and other body systems. The pack encourages curiosity through hands-on learning, helping young readers understand topics such as digestion, circulation, and the senses in a fun and simple way. | ||
| 650 | _aHuman Body | ||
| 942 |
_2ddc _cBK _n0 |
||
| 999 |
_c8970 _d8970 |
||